000 00520nam a22001817a 4500
005 20250911121028.0
008 250910b |||||||| |||| 00| 0 eng d
020 _a978-93-49957-27-5
041 _aeng
082 _a336.24 AHU-S
100 _aAHUJA, DR.GIRISH AND GUPTA, DR.RAVI
_92542
245 _aSYSTEMATIC APPROACH TO TAXATION CONTAINING INCOME TAX & GST
250 _a50TH ED, 2025
260 _aNEW DELHI
_bCOMMERCIAL LAW PUBLISHERS PVT LTD
_c2025
300 _a11014;P
650 _aMANAGEMENT
942 _cBK
999 _c8815
_d8813